| 000 | 00547nam a2200193 a 4500 | ||
|---|---|---|---|
| 005 | 20140414132130.0 | ||
| 008 | 130604s19uu xx 00 eng d | ||
| 020 | _a0328675423 | ||
| 050 |
_aTR 372.4 _bF716 2011 |
||
| 100 | _aForesman, Scott | ||
| 245 | _aEnvision it! Visual skills handbook : Reading Street Grade 1 Unit 3. | ||
| 250 | _aStudent ed. | ||
| 260 |
_aUnited States : _bPearson Education, _c2011. |
||
| 300 | _a132 | ||
| 440 | _aReading Street | ||
| 650 | _aReading- | ||
| 650 | _aReading-study and teaching | ||
| 999 |
_c115265 _d115265 |
||